000 01749 a2200217 4500
003 BJBSDDR
005 20260514131801.0
007 ta
008 140526t2006 nyu 00| 0 eng d
020 _a9781844153862
040 _bspa
_cBJBSDDR
041 _aeng
050 _bD252a 2006
100 1 _aDavidson, James D. G.
_948448
245 1 _aAdmiral Lord St. Vincent - saint or tyrant? :
_bthe life of Sir John Jervis, Nelson's patron /
_cJames D. G. Davidson.
260 _aNew York :
_bPen & Sword Maritime,
_c2006.
300 _a230 pages :
_billustration ;
_c25 cm.
520 _aThis biography of John Jervis, who became Admiral Lord Vincent, makes compelling reading. It throws an oblique light on Nelsons personality. St Vincent, who was born twenty-three years before Nelson, and survived for eighteen years after Trafalgar, fundamentally influenced the younger man's career despite the two men being diametrically different characters. Yet without him, Nelsons genius might have been submerged by professional jealousy or emotional fragility. It was St Vincent's strategy and preparation which positioned Nelson to win his three famous victories, but St Vincent himself made vital contributions not only to the defeat of Napoleon but to the well-being of the Royal Navy. Before he became First Lord of the Admiralty, the Navy had been severely weakened by corruption in the dockyards, nepotism in appointments and the appalling conditions under which the seamen lived and worked. St Vincent deserves the profound gratitude of the Nation; not only for enabling Nelson to exercise his tactical brilliance, but also for the role he played in preventing Napoleon from invading the British Isles
942 _2lcc
_cBK
_n0
946 _idpf
999 _c127095
_d127095